| 000 | 00974nas a2200277 4500 | ||
|---|---|---|---|
| 001 | BR8601992 | ||
| 003 | BR-BrBNA | ||
| 005 | 20231205090430.0 | ||
| 007 | ta | ||
| 008 | 230509b bl.|||p| |||| 00| 00por d | ||
| 040 |
_aBR-BrBNA _bpor _cBiblioteca Nacional de Agricultura |
||
| 041 | _a(Pt) | ||
| 072 | _aF62 | ||
| 100 | 1 | _aSilva, J.L.O. da | |
| 100 | 1 | _aAlvarenga, M.A.R. | |
| 245 | 1 |
_aAnalise de crescimento de alho (Allium sativum L.), cv. Chonan, sob tres periodos de frigorificacao pre-plantio dos bulbos _bParte de tese |
|
| 246 | 1 |
_aGrowth analysis of garlic (Allium sativum L.), cv. chonan, under three periods of cold treatment in the freezer _bPart of thesis |
|
| 650 | _aALHO | ||
| 650 | _aBULBO | ||
| 650 | _aPRE-PLANTIO | ||
| 650 | _aCONGELAMENTO | ||
| 650 | _aCRESCIMENTO | ||
| 773 | 0 |
_tCiencia e Pratica (Brazil) _xISSN 0100-3267 _g(Jan-Jun 1984), v. 8(1) p. 49-57 _wBR8601992 |
|
| 909 |
_a202311 _bLúcia _c55 _dLúcia Elande |
||
| 942 |
_2AGRIS _n0 _cANA |
||
| 999 |
_c118373 _d118373 |
||